España y Europa / (Record no. 63340)

MARC details
000 -LEADER
campo de control de longitud fija 00561nam a2200193 i 4500
001 - NÚMERO DE CONTROL
campo de control 63340
003 - IDENTIFICADOR DE NÚMERO DE CONTROL
campo de control ES-MaACL
005 - FECHA Y HORA DE LA ÚLTIMA TRANSACCIÓN
campo de control 20230906164831.0
007 - CAMPO FIJO DE DESCRIPCIÓN FÍSICA--INFORMACIÓN GENERAL
campo de control de longitud fija t|
008 - DATOS DE LONGITUD FIJA--INFORMACIÓN GENERAL
campo de control de longitud fija 031209s1942 cl ||||1| spa d
100 1# - ENTRADA PRINCIPAL--NOMBRE DE PERSONA
Nombre de persona Ferrater Mora, José.
9 (RLIN) 50338
245 10 - MENCIÓN DEL TÍTULO
Título España y Europa /
Mención de responsabilidad, etc. José Ferrater Mora.
260 ## - PUBLICACIÓN, DISTRIBUCIÓN, ETC.
Lugar de publicación, distribución, etc. [Santiago de Chile] :
Nombre del editor, distribuidor, etc. Cruz del Sur,
Fecha de publicación, distribución, etc. 1942 (
Fabricante Imp. Universitaria)
300 ## - DESCRIPCIÓN FÍSICA
Extensión 58 p. ;
Dimensiones 19 cm.
490 1# - MENCIÓN DE SERIE
Mención de serie Raíz y estrella
830 0# - PUNTO DE ACCESO ADICIONAL DE SERIE-TÍTULO UNIFORME
Título uniforme Raíz y estrella
9 (RLIN) 230670
852 ## - LOCALIZACIÓN
Ubicación ES-MaACL
Número de control de estantería 1911-F-1
Sublocalización o colección R.29639
Holdings
Estatus retirado Estado de pérdida Estado de daño No para préstamo Colección Biblioteca de origen Biblioteca actual Ubicación en estantería Fecha de adquisición Fuente de adquisición Total de préstamos Signatura topográfica completa Código de barras Visto por última vez Precio de reemplazo Tipo de ítem Koha
        Colección de folletos Biblioteca del Ateneo de Madrid Biblioteca del Ateneo de Madrid Depósito folletos 17/01/2008     1911-F-1 1066392 23/02/2023 23/02/2023 Folleto